Countries that allow gay marriage! - Statistics

General Stats
  • This quiz has been taken 603 times
    558 since last reset
  • The average score is 17 of 22
Answer Stats
Answer % Correct
USA
97%
United Kingdom
96%
Canada
94%
Spain
90%
France
89%
Sweden
89%
Norway
88%
Finland
86%
Portugal
84%
Denmark
83%
Belgium
82%
Ireland
80%
Netherlands
80%
Brazil
77%
Iceland
77%
Argentina
76%
New Zealand
75%
Luxembourg
66%
South Africa
56%
Colombia
55%
Uruguay
55%
Greenland
10%
No matching quizzes found
Score Distribution
Percent of People with Each Score
Percentile by Number Answered
Your Score History
You have not taken this quiz since the last reset